| 000 | 00723nam a22002890a 4500 | ||
|---|---|---|---|
| 001 | PT49150 | ||
| 003 | AR-LpoUNG | ||
| 005 | 20210131231240.0 | ||
| 008 | 191001s2000||||ag |||||||||||||||||spa d | ||
| 020 |
_a9505151047 _c$ |
||
| 040 |
_aAR-LpoUNG _bspa _cAR-LpoUNG _eaacr |
||
| 041 | _aspa | ||
| 044 | _aag | ||
| 082 | 0 | _aA863 223var | |
| 100 | 1 | _aWalsh, Rodolfo | |
| 245 | 1 | 0 | _aVariaciones en rojo |
| 250 | _a5ta. ed. | ||
| 260 |
_aBuenos Aires : _bde la Flor, _csetiembre 2000. |
||
| 300 |
_a174 p. : _bil., fot. |
||
| 650 | 4 | _aARGENTINA | |
| 650 | 4 | _aCUENTOS | |
| 650 | 4 | _aLITERATURA | |
| 651 | 4 | _aDOCUMENTOS TEORICOS O METODOLOGICOS | |
| 653 | _aLITERATURA ARGENTINA | ||
| 905 | _a49150 | ||
| 942 | _cLIB | ||
| 999 |
_c8919 _d8919 |
||